| 000 | 00601cam a22002053a 4500 | ||
|---|---|---|---|
| 001 | 39824 | ||
| 003 | PGUSA | ||
| 005 | 20140828083904.0 | ||
| 008 | 120527s2012||||xxu|||||s|||||000 | eng d | ||
| 040 |
_aPGUSA _beng |
||
| 042 | _adc | ||
| 100 | 1 |
_aGunter, Archibald Clavering, _d1847-1907 |
|
| 245 | 1 | 0 |
_aMiss Dividends : _bA Novel _h[electronic resource] / _cArchibald Clavering Gunter |
| 260 |
_bProject Gutenberg, _c2012 |
||
| 506 | _aPublic domain in the USA. | ||
| 516 | _aElectronic text | ||
| 830 | 0 |
_aProject Gutenberg _v39824 |
|
| 856 | 4 | 0 | _uhttp://www.gutenberg.org/ebooks/39824 |
| 942 | _cEB | ||
| 999 |
_c269077 _d269077 |
||